000
00187nam a22000977a 4500
003
SGT
245
_a
Fluoride
260
_b
Wiley Publisher
_c
2013-2014
300
_a
250,260
942
_2
ddc
_c
BV
999
_c
30206
_d
30206